The Dead Sea scrolls. (Record no. 2490)

000 -LEADER
fixed length control field 00652nam a2200205 a 4500
001 - CONTROL NUMBER
control field :::00000215$&:&@@
003 - CONTROL NUMBER IDENTIFIER
control field OkBaRHE
005 - DATE AND TIME OF LATEST TRANSACTION
control field 20000607103237.0
008 - FIXED-LENGTH DATA ELEMENTS--GENERAL INFORMATION
fixed length control field s1956 j 000 0 eng u
040 ## - CATALOGING SOURCE
Transcribing agency
040 ## - CATALOGING SOURCE
Original cataloging agency Duke Univ. Library
100 1# - MAIN ENTRY--PERSONAL NAME
Personal name Allegro, John Marco, 1923-
245 14 - TITLE STATEMENT
Title The Dead Sea scrolls.
260 ## - PUBLICATION, DISTRIBUTION, ETC. (IMPRINT)
Place of publication, distribution, etc Harmondsworth, Middlesex, UK:EN., :
Name of publisher, distributor, etc Penguin Books
Date of publication, distribution, etc 1956
300 ## - PHYSICAL DESCRIPTION
Extent 207 p. : plates, ports., maps, facsims. ;
Dimensions 19 cm.
490 0# - SERIES STATEMENT
Series statement Pelican books, A376
650 ## - SUBJECT ADDED ENTRY--TOPICAL TERM
Topical term or geographic name as entry element Dead Sea Scrolls
942 ## - ADDED ENTRY ELEMENTS (KOHA)
Source of classification or shelving scheme
Koha item type Books
Copies
Withdrawn status Permanent Location Lost status Copy number Shelving location Full call number Date last seen Price effective from Not for loan Damaged status Source of classification or shelving scheme Barcode Koha item type Date acquired
 RHEMA Bible Training College 1General StacksBM 487 .A392010-04-142010-04-14   215Books2010-04-14